000 00494cam a22001574a 4500
020 _a9789280727487
050 0 0 _aGC1018.5
_b.H63 2006
100 1 _aHoagland, Porter.
245 1 0 _aAccounting for economic activities in large marine ecosytems and regional seas /
_cprepared by, Porter Hoagland and Di Jin.
260 _aNairobi :
_bUNEP,
_cc2006.
300 _avii, 59 p. :
500 _a"UNEP/RSP and NOAA LME partnership."
650 0 _xEconomic aspects.
700 1 _aJin, Di,
942 _cGEN
999 _c3349
_d3349